| 000 | | | 04625nmc2a2200000 x 450 |
| 001 | | | 4438f7e7-7cfb-4507-9e8a-082f86c75c81 |
| 005 | | | 20170113124848.0 |
| 100 | ## | $a | 20140508l18231823k l0rusy0189 ca |
| 101 | 0# | $a | rus |
| 102 | ## | $a | RU |
| 200 | 1# | $a | Дело о принятии мер для предотвращения гибели учащихся города Дерпта во время купанья в реке Эмбахе |
| | $j | 18 июня - 17 сентября 1823 г. |
| 251 | ## | $c | Дело |
| 300 | ## | $a | Дело |
| 300 | ## | $a | Ориг. заголовок дела: Дело по отношению управляющего Министерством внутренних дел о подтверждении студентам Дерптского университета исполнять постановления тамошней полиции; тут же об утопшем в реке Эмбах сыне лектора английского языка Торнера; тут же сведения об устроении в Дерпте заведения для купания с определением учителя плавания. 18 июля 1823 г. - 17 сентября 1823 г |
| 801 | #0 | $a | RU |
| | $b | РГИА |
| | $c | 20140508 |
| | $g | RCR |
| 801 | #1 | $a | RU |
| | $b | ГлавНИВЦ |
| | $c | 20140508 |
| | $2 | rusmarc |
| 801 | #2 | $a | RU |
| | $b | ПБ им. Б.Н. Ельцина |
| | $c | 20170113 |
| | $g | RCR |
| | $2 | rusmarc |
| 850 | ## | $a | РГИА |
| 852 | ## | $a | РГИА |
| | $e | Федеральное казенное учреждение "Российский государственный исторический архив" (РГИА) |
| | $j | 348 |
| 937 | ## | $h | РГИА |
| | $d | 11169916 |
| | $a | ASBIBLIO_SCAN |
| 462 | #0 | $1 | 0015faafd89-1df2-4e8f-a0ba-1d8a620713c6 |
| | $1 | 2001 |
| | $a | Дела Департамента народного просвещения по Дерптскому учебному округу за 1802-1836 гг. |
| | $1 | 251 |
| | $c | Опись |
| | $1 | 852 |
| | $j | 56 |
| 461 | #0 | $1 | 001a74412a3-3cc5-4d21-8f0a-dfe2fbd9e72d |
| | $1 | 2001 |
| | $a | Департамент народного просвещения Министерства народного просвещения (1803-1917) |
| | $1 | 251 |
| | $c | Фонд |
| | $1 | 852 |
| | $j | 733 |
| 215 | ## | $a | 24 л. |
| | $d | 36,5х26 см |
| 371 | ## | $a | Документ не является опубликованным и широко распространяемым |
| 105 | ## | $a | y### |
| 122 | 2# | $a | d |
| 517 | 1# | $a | Дело по отношению управляющего Министерством внутренних дел о подтверждении студентам Дерптского университета исполнять постановления тамошней полиции; тут же об утопшем в реке Эмбах сыне лектора английского языка Торнера; тут же сведения об устроении в Дерпте заведения для купания с определением учителя плавания. 18 июля 1823 г. - 17 сентября 1823 г |
| 035 | ## | $a | 4438f7e7-7cfb-4507-9e8a-082f86c75c81 |
| 856 | ## | $u | http://readingroom.main.prlib.ru/item.aspx?id_node=n94245390&mode=full |